| 000 | 00842nam a2200289Ia 4500 | ||
|---|---|---|---|
| 001 | Z_1665 | ||
| 003 | CHAP | ||
| 008 | 220113s1997 xx 000 0 und d | ||
| 010 | _a164757 | ||
| 040 | _cCHAP | ||
| 082 | _a636.213 C8 | ||
| 100 |
_aCurso Alternativas de manejo en bovinos para carne en pastoreo _9138839 |
||
| 245 |
_aMemorias / _cpor UACH. Departamento de Zootecnia |
||
| 260 |
_aChapingo, Méx. : _bUACH. Departamento de Zootecnia, _c1997 |
||
| 300 | _a147 p. ; gráfs. ; cuadros | ||
| 650 |
_aCarne _xProducción _919109 |
||
| 650 |
_aGanadería _xCongresos _944677 |
||
| 650 |
_aGanadería _xMéxico _9137519 |
||
| 650 |
_aGanado de carne _xPastoreo _945101 |
||
| 650 |
_aGanado de carne _x Veracruz _945116 |
||
| 901 | _a636.213 C8 | ||
| 902 | _aM | ||
| 910 | _a1997 | ||
| 942 | _c1 | ||
| 942 | _cc1 | ||
| 999 |
_c164757 _d164757 |
||